Municipalities of Ontario by population - Statistics

General Stats
  • This quiz has been taken 230 times
  • The average score is 110 of 414
Answer Stats
Hint Census
Division
Land area (Sq km) Answer % Correct
717,961 Peel 292.74 Mississauga
100%
656,480 Peel 265.89 Brampton
96%
569,353 Hamilton 1,118.31 Hamilton
96%
11,059 Northumberland 256.03 Hamilton
96%
1,017,449 Ottawa 2,788.20 Ottawa
96%
2,794,356 Toronto 631.10 Toronto
96%
323,103 York 272.44 Vaughan
92%
422,324 Middlesex 420.50 London
88%
126,666 Durham 66.64 Ajax
85%
256,885 Waterloo 136.81 Kitchener
85%
338,503 York 210.93 Markham
85%
94,415 Niagara 210.25 Niagara Falls
85%
202,022 York 100.79 Richmond Hill
85%
108,843 Thunder Bay 327.77 Thunder Bay
85%
121,436 Waterloo 64.06 Waterloo
85%
138,479 Waterloo 112.99 Cambridge
81%
166,004 Greater Sudbury 3,186.26 Greater Sudbury
81%
175,383 Durham 145.72 Oshawa
81%
229,660 Essex 146.02 Windsor
81%
147,829 Simcoe 99.01 Barrie
77%
39,474 Brant 817.66 Brant
77%
104,688 Brant 98.65 Brantford
77%
186,948 Halton 186.12 Burlington
77%
103,988 Chatham-Kent 2,451.90 Chatham Kent
77%
27,333 York 332.12 King
77%
132,979 Halton 363.83 Milton
77%
87,942 York 38.50 Newmarket
77%
213,759 Halton 138.94 Oakville
77%
83,651 Peterborough 64.76 Peterborough
77%
132,485 Frontenac 451.58 Kingston
73%
99,186 Durham 231.10 Pickering
73%
72,047 Lambton 163.90 Sarnia
73%
136,803 Niagara 96.20 St Catharines
73%
62,057 York 50.00 Aurora
69%
76,581 Peel 688.82 Caledon
69%
143,740 Wellington 87.43 Guelph
69%
13,904 Wellington 292.84 Guelph/Eramosa
69%
62,951 Halton 276.81 Halton Hills
69%
138,501 Durham 146.69 Whitby
69%
79,247 Kawartha Lakes 3033.66 Kawartha Lakes
65%
52,662 Nipissing 315.53 North Bay
65%
33,411 Simcoe 28.53 Orillia
62%
72,051 Algoma 221.99 Sault Ste Marie
62%
55,750 Niagara 81.16 Welland
62%
55,071 Hastings 247.15 Belleville
58%
41,145 Cochrane 2,955.33 Timmins
58%
101,427 Durham 610.84 Clarington
54%
24,811 Simcoe 33.15 Collingwood
54%
47,642 York 287.69 Georgina
54%
14,967 Kenora 211.65 Kenora
54%
308 Rainy River 746.24 Lake of the Woods
54%
21,612 Grey 24.21 Owen Sound
54%
46,705 Oxford 56.46 Woodstock
54%
7,473 Northumberland 398.25 Alnwick/Haldimand
50%
42,880 Simcoe 200.68 Bradford West Gwillimbury
50%
12.567 Durham 422.64 Brock
50%
47,845 Stormont, Dundas, and Glengarry 61.50 Cornwall
50%
34,637 York 244.91 East Gwillimbury
50%
28,883 Niagara 68.71 Grimsby
50%
49,216 Haldimand-Norfolk 1,250.45 Haldimand
50%
43,948 Simcoe 273.87 New Tecumseth
50%
19,088 Niagara 131.35 Niagara on the Lake
50%
67,490 Haldimand-Norfolk 1,597.68 Norfolk
50%
6,469 Lanark 12.21 Perth
50%
21,556 Durham 420.52 Uxbridge
50%
24,862 Simcoe 57.42 Wasaga Beach
50%
22,970 Simcoe 279.92 Essa
46%
32,901 Niagara 166.24 Fort Erie
46%
43,326 Simcoe 262.39 Innisfil
46%
40,410 Essex 529.00 Lakeshore
46%
17,817 Simcoe 35.33 Midland
46%
30,167 Dufferin 15.16 Orangeville
46%
975 Algoma 84.98 Prince
46%
25,704 Prince Edward 1,052.61 Prince Edward
46%
46,560 Hastings 495.45 Quinte West
46%
33,232 Perth 30.02 Stratford
46%
42,840 Elgin 35.61 St Thomas
46%
49,864 York 206.42 Whitchurch Stouffville
46%
5,390 Cochrane 537.90 Cochrane
42%
25,719 Niagara 162.74 Lincoln
42%
6,879 Parry Sound 13.10 Parry Sound
42%
4,078 Leeds and Grenville 4.94 Prescott
42%
31,093 Wellington 409.41 Centre Wellington
38%
20,519 Northumberland 22.41 Cobourg
38%
11,981 Wellington 298.81 Erin
38%
21,216 Essex 277.53 Essex
38%
21,147 Muskoka 705.18 Huntsville
38%
29,680 Essex 261.24 Leamington
38%
9,421 Dufferin 278.37 Mono
38%
23,017 Simcoe 585.42 Oro Medonte
38%
17,294 Northumberland 278.80 Port Hope
38%
8,190 Renfrew 12.81 Renfrew
38%
21,581 Durham 474.38 Scugog
38%
11,091 Simcoe 137.86 Tay
38%
23,816 Niagara 83.29 Thorold
38%
17,305 Muskoka 615.20 Bracebridge
35%
22,116 Leeds and Grenville 20.91 Brockville
35%
12,517 Lanark 9.94 Carleton Place
35%
13,157 Muskoka 489.11 Gravenhurst
35%
32,721 Essex 64.96 LaSalle
35%
11,485 Grey 587.57 Meaford
35%
15,538 Perth 493.09 North Perth
35%
18,192 Niagara 126.35 Pelham
35%
14,364 Renfrew 14.32 Pembroke
35%
10,077 Simcoe 25.42 Penetanguishene
35%
12,595 Perth 711.93 Perth East
35%
3,776 Perth 391.88 Perth South
35%
18,160 Renfrew 164.70 Petawawa
35%
20,033 Niagara 121.99 Port Colborne
35%
5,880 Bruce 486.86 South Bruce
35%
13,330 Stormont, Dundas and Glengarry 605.02 South Glengarry
35%
21,701 Simcoe 535.85 Springwater
35%
9,390 Grey 284.65 The Blue Mountains
35%
12,966 Simcoe 335.05 Tiny
35%
10,989 Simcoe 371.53 Adjala Tosorontio
31%
9,629 Renfrew 13.04 Arnprior
31%
14,814 Simcoe 556.37 Clearview
31%
5,383 Leeds and Grenville 7.01 Gananoque
31%
7,881 Huron 8.54 Goderich
31%
13,693 Oxford 12.73 Ingersoll
31%
12,268 Bruce 537.80 Kincardine
31%
18,928 Middlesex 588.16 Middlesex Centre
31%
9,094 Wellington 300.19 Minto
31%
10,144 Stormont, Dundas and Glengarry 643.40 North Glengarry
31%
11,151 Oxford 424.01 Norwich
31%
19,598 Prescott and Russell 198.78 Russell
31%
14,576 Simcoe 523.06 Severn
31%
20,188 Frontenac 948.05 South Frontenac
31%
7,386 Perth 12.44 St Marys
31%
23,300 Essex 94.59 Tecumseh
31%
9,634 Timiskaming 176.67 Temiskaming Shores
31%
9,038 Perrth 578.88 West Perth
31%
26,999 Waterloo 326.56 Woolwich
31%
2,588 Haliburton 999.69 Algonquin Highlands
27%
23,524 Essex 183.76 Amherstburg
27%
7,699 Elgin 6.37 Aylmer
27%
9,784 Bruce 564.64 Brockton
27%
3,960 Prescott and Russell 5.13 Casselman
27%
13,746 Elgin 279.87 Central Elgin
27%
26,505 Prescott and Russell 297.47 Clarence Rockland
27%
7,632 Peterborough 459.46 Douro Dummer
27%
7,841 Oxford 241.96 East Zorra Tavistock
27%
7,466 Rainy River 25.55 Fort Frances
27%
10,424 Grey 879.03 Grey Highlands
27%
10,194 Prescott and Russell 10.10 Hawkesbury
27%
8,057 Cochrane 83.98 Kapuskasing
27%
22,119 Essex 246.08 Kingsville
27%
7,652 Muskoka 774.49 Muskoka Lakes
27%
1,769 Parry Sound 387.95 Nipissing
27%
11,304 Stormont, Dundas and Glengarry 502.41 North Dundas
27%
6,307 Middlesex 598.65 North Middlesex
27%
647 Lambton 8.14 Oil Springs
27%
6,013 Lambton 12.46 Petrolia
27%
752 Rainy River 3.12 Rainy River
27%
10,377 Simcoe 414.94 Ramara
27%
15,908 Bruce 170.19 Saugeen Shores
27%
18,653 Peterborough 316.12 Selwyn
27%
5,839 Kenora 378.02 Sioux Lookout
27%
1,200 Cochrane 199.73 Smooth Rock Falls
27%
9,137 Bruce 530.61 South Bruce Peninsula
27%
11,044 Stormont, Dundas and Glengarry 521.54 South Dundas
27%
13,570 Stormont, Dundas and Glengarry 447.71 South Stormont
27%
5,893 Middlesex 427.82 Southwest Middlesex
27%
6,887 Niagara 217.53 Wainfleet
27%
11,318 Waterloo 277.74 Wellesley
27%
5,060 Elgin 322.09 West Elgin
27%
13,131 Grey 875.21 West Grey
27%
15,454 Niagara 387.02 West Lincoln
27%
21,429 Waterloo 263.81 Wilmot
27%
8,628 Oxford 529.19 Zorra
27%
4,065 Hastings 227.54 Bancroft
23%
7,096 Elgin 244.60 Bayham
23%
12,108 Northumberland 223.24 Brighton
23%
7,799 Huron 449.43 Central Huron
23%
4,175 Renfrew 50.27 Deep River
23%
7,388 Kenora 65.58 Dryden
23%
4,152 Elgin 294.38 Dutton/Dunwich
23%
2,794 Dufferin 166.50 East Garafraxa
23%
3,418 Prescott and Russell 235.06 East Hawkesbury
23%
2,595 Leeds and Grenville 125.25 Front of Yonge
23%
11,100 Grey 599.96 Georgian Bluffs
23%
3,851 Dufferin 158.60 Grand Valley
23%
16,879 Lennox and Addington 462.30 Greater Napanee
23%
7,967 Grey 9.78 Hanover
23%
4,794 Cochrane 98.06 Hearst
23%
4,418 Cochrane 599.03 Iroquois Falls
23%
7,750 Timiskaming 261.29 Kirkland Lake
23%
11,876 Lambton 330.57 Lambton Shores
23%
2,885 Renfrew 634.31 Laurentian Hills
23%
17,943 Lennox and Addington 342.72 Loyalist
23%
9,308 Elgin 394.27 Malahide
23%
10,839 Wellington 535.56 Mapleton
23%
14,740 Lanark 511.25 Mississippi Mills
23%
1,512 Cochrane 547.83 Moosonee
23%
1,473 Thunder Bay 107.94 Nipigon
23%
10,619 Waterloo 188.09 North Dumfries
23%
4,404 Bruce 775.70 Northern Bruce Peninsula
23%
2,285 Frontenac 1,157.97 North Frontenac
23%
5,052 Huron 179.01 North Huron
23%
2,877 Peterborough 746.35 North Kawartha
23%
7,400 Stormont, Dundas and Glengarry 515.46 North Stormont
23%
1,930 Lambton 3.30 Point Edward
23%
7,944 Wellington 214.82 Puslinch
23%
8,994 Dufferin 6.56 Shelburne
23%
9,254 Lanark 9.66 Smiths Falls
23%
7,583 Oxford 369.61 South West Oxford
23%
4,851 Elgin 301.38 Southwold
23%
14,659 Lambton 618.57 St Clair
23%
23,871 Middlesex 270.86 Strathroy Caradoc
23%
13,980 Middlesex 433.99 Thames Centre
23%
13,350 Prescott and Russell 658.93 The Nation
23%
2,705 Algoma 411.89 Wawa
23%
12,431 Wellington 526.31 Wellington North
23%
14,583 Nipissing 1,956.27 West Nipissing
23%
2,534 Lennox and Addington 1,293.99 Addington Highlands
19%
3,011 Middlesex 331.11 Adelaide Metcalfe
19%
9,949 Prescott and Russell 391.79 Alfred and Plantagenet
19%
4,327 Dufferin 265.02 Amaranth
19%
4,658 Peterborough 161.62 Asphodel Norwood
19%
7,386 Leeds and Grenville 313.77 Augusta
19%
2,572 Cochrane 1,161.89 Black River Matheson
19%
7,565 Oxford 382.03 Blandford Blenheim
19%
3,422 Algoma 513.98 Blind River
19%
7,540 Huron 416.70 Bluewater
19%
2,359 Lambton 311.41 Brooke Alvinston
19%
582 Algoma 6.09 Bruce Mines
19%
10,016 Peterborough 306.39 Cavan Monaghan
19%
4,801 Hastings 222.79 Centre Hastings
19%
7,080 Grey 594.44 Chatsworth
19%
6,509 Northumberland 202.22 Cramahe
19%
7,505 Leeds and Grenville 309.91 Edwardsburgh/Cardinal
19%
5,185 Sudbury 81.00 Espanola
19%
4,045 Huron 286.55 Howick
19%
9,512 Huron 669.15 Huron East
19%
3,759 Muskoka 667.43 Lake of Bays
19%
5,737 Lanark 1,031.52 Lanark Highlands
19%
9,450 Renfrew 539.08 Laurentian Valley
19%
9,804 Leeds and Grenville 608.09 Leeds and the Thousand Islands
19%
2,233 Hastings 274.58 Madoc
19%
1,881 Nipissing 3.67 Mattawa
19%
7,591 Renfrew 255.28 McNab/Braeside
19%
3,571 Dufferin 286.17 Mulmur
19%
2,641 Manitoulin 489.19 Northeastern Manitoulin and the Islands
19%
7,087 Peterborough 346.15 Otonabee South Monaghan
19%
230 Essex 41.03 Pelee
19%
8,308 Lambton 318.86 Plympton Wyoming
19%
4,094 Kenora 602.93 Red Lake
19%
8,716 Grey 643.08 Southgate
19%
10,063 Huron 425.12 South Huron
19%
670 Algoma 106.90 Spanish
19%
5,925 Lanark 528.67 Tay Valley
19%
18,615 Oxford 22.20 Tillsonburg
19%
3,641 Lambton 290.21 Warwick
19%
7,225 Renfrew 535.48 Whitewater
19%
6,913 Bruce 458.76 Arran Elderslie
15%
2,642 Rainy River 313.64 Atikokan
15%
3,898 Renfrew 588.36 Bonnechere Valley
15%
4,892 Frontenac 991.41 Central Frontenac
15%
8,665 Prescott and Russell 207.02 Champlain
15%
1,968 Lambton 445.14 Dawn Euphemia
15%
1,747 Hastings 2.52 Deseronto
15%
9,545 Leeds and Grenville 555.96 Elizabethtown Kitley
15%
11,372 Algoma 696.06 Elliot Lake
15%
1,204 Rainy River 202.28 Emo
15%
1,442 Timiskaming 2.92 Englehart
15%
2,825 Lambton 338.05 Enniskillen
15%
2,828 Sudbury 717.91 French River
15%
1,930 Frontenac 176.82 Frontenac Islands
15%
3,441 Muskoka 525.29 Georgian Bay
15%
2,864 Renfrew 1,018.15 Greater Madawaska
15%
4,385 Hastings 966.58 Hastings Highlands
15%
3,830 Haliburton 688.18 Highlands East
15%
3,182 Renfrew 158.02 Horton
15%
7,723 Bruce 440.73 Huron Kinloss
15%
355 Timiskaming 152.26 Latchford
15%
5,680 Middlesex 169.08 Lucan Biddulph
15%
3,138 Thunder Bay 167.03 Marathon
15%
4,267 Hastings 538.24 Marmora and Lake
15%
3,132 Dufferin 310.39 Melancthon
15%
3,135 Leeds and Grenville 214.33 Merrickville Wolford
15%
6,971 Haliburton 847.37 Minden Hills
15%
1,157 Cochrane 234.46 Moonbeam
15%
3,590 Huron 376.89 Morris Turnberry
15%
17,964 Leeds and Grenville 351.90 North Grenville
15%
10,883 Leeds and Grenville 711.81 Rideau Lakes
15%
3,237 Sudbury 801.04 Sables Spanish Rivers
15%
1,357 Sudbury 314.46 St Charles
15%
7,826 Lennox and Addington 693.71 Stone Mills
15%
1,260 Algoma 4.38 Thessalon
15%
13,861 Northumberland 513.85 Trent Hills
15%
6,439 Peterborough 833.72 Trent Lakes
15%
6,067 Hastings 918.61 Tweed
15%
3,042 Leeds and Grenville 129.54 Athens
12%
9,021 Lanark 239.31 Beckwith
12%
2,235 Manitoulin 427.61 Central Manitoulin
12%
8,183 Lanark 365.67 Drummond/North Elmsley
12%
808 Manitoulin 5.14 Gore Bay
12%
4,309 Thunder Bay 2,727.04 Greenstone
12%
5,083 Peterborough 529.35 Havelock Belmont Methuen
12%
530 Timiskaming 90.28 Hudson
12%
397 Sudbury 1,469.40 Killarney
12%
3,927 Renfrew 665.83 Madawaska Valley
12%
3,914 Lanark 278.47 Montague
12%
440 Middlesex 1.77 Newbury
12%
3,346 Parry Sound 223.26 Powassan
12%
1,055 Nipissing 867.73 South Algonquin
12%
1,101 Parry Sound 4.11 South River
12%
1,426 Algoma 127.65 St Joseph
12%
1,566 Parry Sound 158.88 Strong
12%
938 Parry Sound 2.25 Sundridge
12%
92 Timiskaming 6.59 Thornloe
12%
2,995 Renfrew 519.59 Admaston/Bromley
8%
1,199 Timiskaming 90.16 Armstrong
8%
5,884 Huron 586.88 Ashfield Colborne Wawanosh
8%
1,552 Renfrew 701.29 Brudenell, Lyndoch and Raglan
8%
957 Parry Sound 3.09 Burk's Falls
8%
3,964 Parry Sound 102.98 Callander
8%
1,942 Sudbury 13.20 Chapleau
8%
763 Rainy River 558.15 Chapple
8%
16 Manitoulin 168.90 Cockburn Island
8%
517 Timiskaming 177.95 Coleman
8%
7,182 Haliburton 1,474.22 Dysart, Dudley, Harcourt, Guilford, Harburn, Bruton, Havelock, Eyre and Clyde
8%
530 Timiskaming 49.81 Harris
8%
1,206 Kenora 72.13 Ignace
8%
436 Hastings 201.04 Limerick
8%
969 Parry Sound 182.65 Machar
8%
1,753 Parry Sound 526.31 Magnetawan
8%
1,974 Thunder Bay 352.17 Manitouwadge
8%
2,708 Sudbury 505.92 Markstay Warren
8%
3,111 Renfrew 369.23 North Algona Wilberforce
8%
2,650 Parry Sound 186.34 Perry
8%
398 Kenora 247.21 Pickle Lake
8%
727 Kenora 1,215.80 Sioux Narrows Nestor Falls
8%
862 Nipissing 1,878.12 Temagami
8%
1,528 Thunder Bay 151.50 Terrace Bay
8%
757 Cochrane 378.89 Val Rita Harty
8%
634 Leeds and Grenville 2.19 Westport
8%
954 Rainy River 116.60 Alberton
4%
1,459 Parry Sound 163.52 Armour
4%
579 Sudbury 82.49 Baldwin
4%
753 Manitoulin 208.81 Billings
4%
2,146 Nipissing 206.22 Bonfield
4%
557 Nipissing 140.13 Calvin
4%
1,491 Parry Sound 244.32 Carling
4%
953 Hastings 385.32 Carlow/Mayo
4%
686 Timiskaming 92.74 Charlton and Dack
4%
989 Timiskaming 2.07 Cobalt
4%
798 Thunder Bay 167.65 Conmee
4%
399 Rainy River 343.42 Dawson
4%
375 Thunder Bay 211.25 Dorion
4%
4,946 Nipissing 151.94 East Ferris
4%
502 Timiskaming 89.21 Evanturel
4%
1,612 Hastings 217.44 Faraday
4%
467 Cochrane 1,010.45 Fauquier Strickland
4%
441 Thunder Bay 92.68 Gillies
4%
267 Renfrew 719.20 Head, Clara and Maria
4%
215 Timiskaming 91.27 Hilliard
4%
968 Algoma 203.04 Hornepayne
4%
1,860 Algoma 451.87 Huron Shores
4%
293 Parry Sound 193.95 Joly
4%
974 Parry Sound 528.21 Kearney
4%
2,410 Renfrew 391.60 Killaloe, Hagarty and Richards
4%
745 Timiskaming 227.62 Larder Lake
4%
788 Rainy River 237.12 La Vallee
4%
268 Timiskaming 539.56 Matachewan
4%
542 Cochrane 412.81 Mattice Val Cote
4%
2,744 Parry Sound 264.02 McDougall
4%
1,419 Parry Sound 176.07 McKellar
4%
907 Parry Sound 275.26 McMurrich/Monteith
4%
493 Rainy River 388.38 Morley
4%
2,241 Thunder Bay 873.78 Neebing
4%
689 Thunder Bay 108.56 O'Connor
4%
6,035 Thunder Bay 350.51 Oliver Paipoonge
4%
200 Cochrane 327.09 Opasatika
4%
757 Algoma 219.24 Plummer Additional
4%
895 Thunder Bay 62.10 Red Rock
4%
1,039 Thunder Bay 35.81 Schreiber
4%
5,280 Parry Sound 586.99 Seguin
4%
3,247 Thunder Bay 571.34 Shuniah
4%
5,015 Hastings 282.48 Stirling Rawdon
4%
4,538 Hastings 312.42 Tyendinaga
4%
557 Algoma 95.55 White River
4%
1,075 Parry Sound 923.70 Whitestone
4%
1,008 Manitoulin 224.89 Assiginack
0%
105 Timiskaming 81.97 Brethour
0%
382 Manitoulin 217.33 Burpee and Mills
0%
341 Timiskaming 80.80 Casey
0%
311 Timiskaming 110.81 Chamberlain
0%
1,312 Nipissing 205.77 Chisolm
0%
576 Algoma 87.53 Dubreuilville
0%
924 Kenora 336.69 Ear Falls
0%
151 Timiskaming 87.98 Gauthier
0%
613 Manitoulin 263.44 Gordon/Barrie Islands
0%
524 Timiskaming 92.34 Harley
0%
382 Algoma 114.77 Hilton
0%
198 Algoma 2.52 Hilton Beach
0%
348 Timiskaming 85.40 James
0%
314 Algoma 130.43 Jocelyn
0%
749 Algoma 119.47 Johnson
0%
330 Timiskaming 90.66 Kerns
0%
1,121 Algoma 103.25 Laird
0%
1,513 Algoma 163.26 Macdonald, Meredith and Aberdeen Additional
0%
1,012 Kenora 290.14 Machin
0%
153 Nipissing 200.12 Mattawan
0%
579 Timiskaming 85.62 McGarry
0%
373 Sudbury 159.18 Nairn and Hyman
0%
982 Nipissing 564.23 Papineau Cameron
0%
745 Parry Sound 185.93 Ryerson
0%
573 Algoma 52.79 Tarbutt
0%
450 Manitoulin 131.70 Tehkummah
0%
979 Parry Sound 592.14 The Archipelago
0%
531 Algoma 230.17 The North Shore
0%
740 Hastings 433.31 Tudor and Cashel
0%
721 Hastings 215.87 Wollaston
0%
No matching quizzes found
Score Distribution
Percent of People with Each Score
Percentile by Number Answered
Your Score History
You have not taken this quiz